[Event "IHEM 2007"]
[Site "Hamburg"]
[Date "2007.05.30"]
[Round "6.14"]
[White "Carlstedt, Jonathan"]
[Black "Bracker, Frank"]
[Result "0-1"]
[WhiteElo "2081"]
[BlackElo "2193"]
[PlyCount "80"]
[EventDate "2007.??.??"]

1. c4 Nf6 2. Nc3 c5 3. g3 d5 4. cxd5 Nxd5 5. Bg2 Nc7 6. b3 e5 7. Bb2 Be7 8. Rc1
f6 9. Qc2 O-O 10. Na4 Nba6 11. Nf3 Rb8 12. Nh4 b5 13. Nc3 f5 14. Nf3 e4 15. Ne5
Nb4 16. Qb1 Qd6 17. Nxe4 fxe4 18. Bxe4 g6 19. a3 Nbd5 20. d4 c4 21. bxc4 bxc4
22. Nxc4 Qf6 23. f3 Bf5 24. O-O Rfd8 25. Qa2 Be6 26. Ba1 Qf8 {(=)} 27. Bxd5
Nxd5 28. e4 Ne3 29. d5 Nxf1 30. Rxf1 Bh3 31. d6 {(=)} Be6 32. dxe7 Qxe7 33. Rc1
Qc5+ 34. Kg2 Rdc8 35. Qd2 Bxc4 36. Qc3 Bf1+ 37. Kxf1 Qb5+ 38. Kg2 Rxc3 39. Bxc3
Qe2+ 40. Kh3 Qxf3 0-1

[Event "IHEM 2007"]
[Site "Hamburg"]
[Date "2007.05.30"]
[Round "6.16"]
[White "Schulz, Hans-Juergen"]
[Black "Fraas, Henning"]
[Result "0-1"]
[WhiteElo "2043"]
[BlackElo "2158"]
[PlyCount "52"]
[EventDate "2007.??.??"]

1. e4 c6 2. d4 d5 3. Nc3 dxe4 4. f3 Nd7 5. Bc4 e5 6. Be3 Bb4 7. a3 Bxc3+ 8.
bxc3 Ngf6 9. Bg5 Qa5 10. Qd2 O-O 11. Ne2 exd4 12. Nxd4 exf3 13. gxf3 Re8+ 14.
Be2 Nd5 15. c4 Nc3 16. Kf2 Qc5 17. Qxc3 Qxg5 18. Rag1 Qe5 19. Qd2 h6 20. Rg3
Nf6 21. Rhg1 Nh5 22. f4 Nxg3 23. Rxg3 Qf6 24. Nf3 Bf5 25. Nd4 Rad8 26. Re3 Rxe3
0-1

[Event "IHEM 2007"]
[Site "Hamburg"]
[Date "2007.05.30"]
[Round "6.18"]
[White "Weiss, Siegfried"]
[Black "Kielhorn, Sebastian"]
[Result "0-1"]
[WhiteElo "2078"]
[BlackElo "1846"]
[PlyCount "70"]
[EventDate "2007.??.??"]

1. b3 Nf6 2. Bb2 e6 3. f4 d5 4. e3 c5 5. Bb5+ Bd7 6. a4 Be7 7. Nf3 O-O 8. O-O
Ne4 9. Be2 Nc6 10. d3 Nd6 11. Na3 Nf5 12. Qd2 Bf6 13. c3 Be7 14. Kh1 Qb6 15. e4
Nd6 16. Rab1 dxe4 17. Ne5 Rad8 18. Nxd7 Rxd7 19. dxe4 Rfd8 20. Qc2 Na5 21. Bc1
Qc7 22. Be3 b6 23. Nb5 Qb8 24. f5 e5 25. Bg4 Nxb5 26. f6 Na3 27. Qf2 Bxf6 28.
Rb2 Rd3 29. b4 N5c4 30. Re2 Nxe3 31. Rxe3 Nc4 32. Rxd3 Rxd3 33. bxc5 Ne3 34.
Be2 Rxc3 35. Rb1 Qc7 0-1

[Event "IHEM 2007"]
[Site "Hamburg"]
[Date "2007.05.30"]
[Round "6.19"]
[White "Albers, Andreas"]
[Black "Wilms, Robert"]
[Result "0-1"]
[WhiteElo "1998"]
[BlackElo "1814"]
[PlyCount "74"]
[EventDate "2007.??.??"]

1. d4 d5 2. c4 c6 3. e3 Nf6 4. Nc3 e6 5. Nf3 Bd6 6. Qc2 O-O 7. b3 Nbd7 8. Bb2
Re8 9. Bd3 a6 10. O-O e5 11. dxe5 Nxe5 12. Nxe5 Bxe5 13. f4 Bxc3 14. Qxc3 Kh8
15. Rae1 b5 16. cxb5 cxb5 17. e4 Qb6+ 18. Kh1 b4 19. Qc2 Nxe4 20. Bxe4 dxe4 21.
Rxe4 Bb7 22. Re2 Rxe2 23. Qxe2 Qe6 24. Qd2 Qd5 25. Qe2 Rd8 {(=)} 26. Re1 h5 27.
Be5 Kg8 28. h3 f6 29. Bc7 Rd7 30. Be5 fxe5 31. fxe5 Re7 32. Rd1 Rxe5 33. Qc2
Qe4 34. Qf2 Bd5 35. Rc1 Qe3 36. Rc8+ Kh7 37. Qf8 Qxh3+ 0-1

[Event "IHEM 2007"]
[Site "Hamburg"]
[Date "2007.05.31"]
[Round "7.1"]
[White "Kempinski, Robert"]
[Black "Ftacnik, Lubomir"]
[Result "1/2-1/2"]
[WhiteElo "2579"]
[BlackElo "2573"]
[PlyCount "39"]
[EventDate "2007.??.??"]

1. d4 Nf6 2. c4 e6 3. Nf3 d5 4. e3 Nbd7 5. Nbd2 Be7 6. Bd3 c5 7. b3 cxd4 8.
exd4 b6 9. O-O Bb7 10. Qe2 O-O 11. Bb2 g6 12. Rfd1 Nh5 13. g3 Rc8 14. Rac1 Bb4
15. a3 Bd6 16. Ne5 Qe7 17. b4 dxc4 18. Ndxc4 Ndf6 19. b5 Ng7 20. Qe1 {(=)}
1/2-1/2

[Event "IHEM 2007"]
[Site "Hamburg"]
[Date "2007.05.31"]
[Round "7.5"]
[White "Zierke, Oliver"]
[Black "Pajeken, Wolfgang"]
[Result "0-1"]
[WhiteElo "2313"]
[BlackElo "2346"]
[PlyCount "106"]
[EventDate "2007.??.??"]

1. d4 Nf6 2. Nf3 e6 3. Bg5 h6 4. Bxf6 Qxf6 5. e4 d6 6. Nc3 Nd7 7. Qd2 a6 8.
O-O-O Qd8 9. e5 d5 10. g4 c5 11. h4 Qc7 12. Bh3 b5 13. Ne2 cxd4 14. Nexd4 Nxe5
15. Nxe5 Qxe5 16. Rhe1 Qc7 17. g5 Bd6 18. Kb1 O-O 19. Rg1 Bf4 20. Qe2 Qe5 21.
Qg4 g6 22. gxh6 Qf6 23. Qf3 e5 24. Ne2 Bxh3 25. Qxh3 Rad8 26. Nxf4 Qxf4 27. Qg2
Qxh4 28. Rh1 Qe4 29. h7+ Kg7 30. Qg5 Qf4 31. Qe7 Qf6 32. Qb7 Rh8 33. Rxd5 Qf3
34. Rd7 Qxb7 35. Rxb7 Rd6 36. b3 Rf6 37. Re7 Rf5 38. Re1 Rxh7 39. R1xe5 Rxf2
40. Ra7 Rf6 41. Kb2 Rh5 42. Re4 Rc5 43. c4 bxc4 44. bxc4 Ra5 45. Re2 g5 46. Kc3
g4 47. Rd7 g3 48. Rg2 Rf3+ 49. Kd4 Rg5 50. Rd5 Rg4+ 51. Kc5 Rf2 52. Rxf2 gxf2
53. Rf5 Rg5 0-1

[Event "IHEM 2007"]
[Site "Hamburg"]
[Date "2007.05.31"]
[Round "7.9"]
[White "Stanke, Juergen"]
[Black "Hebbinghaus, Holger"]
[Result "1/2-1/2"]
[WhiteElo "2310"]
[BlackElo "2316"]
[PlyCount "48"]
[EventDate "2007.??.??"]

1. c4 e5 2. Nc3 Nf6 3. Nf3 Nc6 4. e3 Bb4 5. Qc2 Bxc3 6. Qxc3 Qe7 7. d3 d5 8. a3
d4 9. Qd2 O-O 10. Be2 a5 11. exd4 exd4 12. b3 Re8 13. Ra2 Bf5 14. O-O Qxe2 15.
Qxe2 Rxe2 16. Rxe2 Bxd3 17. Rd2 Bxf1 18. Kxf1 Rd8 19. Rd1 Ne4 20. Bf4 Rd7 21.
Nd2 Nc5 22. Rb1 f6 23. f3 Kf7 24. Bg3 Ne6 1/2-1/2

[Event "IHEM 2007"]
[Site "Hamburg"]
[Date "2007.05.31"]
[Round "7.10"]
[White "Bracker, Frank"]
[Black "Putzbach, Gerd"]
[Result "1/2-1/2"]
[WhiteElo "2193"]
[BlackElo "2253"]
[PlyCount "120"]
[EventDate "2007.??.??"]

1. e4 c5 2. Nf3 e6 3. d4 cxd4 4. Nxd4 Nf6 5. Nc3 d6 6. g4 a6 7. g5 Nfd7 8. h4
b5 9. a3 Qc7 10. Be3 Nc6 11. h5 Nde5 12. f4 Nxd4 13. Bxd4 Nc4 14. Bxc4 Qxc4 15.
h6 e5 16. fxe5 Rg8 17. Qd3 Be6 18. exd6 gxh6 19. Qxc4 bxc4 20. e5 O-O-O 21.
O-O-O Rxg5 22. Ne4 Rf5 23. Rhg1 Rf4 24. Nf6 Rxf6 25. exf6 Bxd6 26. Be3 h5 27.
Rd4 Be5 28. Rxd8+ Kxd8 29. Rg5 Bxf6 30. Rxh5 Be7 31. Rxh7 Kc7 32. Rh1 Kb7 33.
Bd4 Bg5+ 34. Kb1 Bf4 35. Rf1 Bg5 36. Be5 Be3 37. Bf4 Bd4 38. Rf3 Kc6 39. Be3
Be5 40. Bf4 Bd4 41. b3 Kd5 42. Rf1 Ke4 43. Ka2 cxb3+ 44. cxb3 Bg4 45. Bc1 f5
46. Re1+ Kd5 47. a4 Be5 48. Be3 f4 49. Bf2 Bd4 50. Rg1 Be2 51. Rg5+ Ke4 52.
Bxd4 Kxd4 53. Rf5 Ke3 54. b4 f3 55. b5 axb5 56. axb5 Bxb5 57. Rxb5 f2 58. Rf5
Ke2 59. Kb2 f1=Q 60. Rxf1 Kxf1 1/2-1/2

[Event "IHEM 2007"]
[Site "Hamburg"]
[Date "2007.05.31"]
[Round "7.14"]
[White "Faika, Michael"]
[Black "Kröncke, Manfred"]
[Result "1-0"]
[WhiteElo "2007"]
[BlackElo "2207"]
[PlyCount "45"]
[EventDate "2007.??.??"]

1. d4 d5 2. e4 dxe4 3. Nc3 Nf6 4. f3 e3 5. Bxe3 e6 6. Bd3 Be7 7. Qd2 O-O 8.
O-O-O b6 9. g4 Ba6 10. g5 Nd5 11. Nxd5 Qxd5 12. c4 Qd7 13. Qc2 g6 14. Be4 Nc6
15. Qa4 Bb7 16. d5 exd5 17. cxd5 Ne5 18. Qxd7 Nxd7 19. d6 cxd6 20. Bxb7 Rab8
21. Be4 Nc5 22. Ne2 Rfe8 23. Nc3 1-0

[Event "IHEM 2007"]
[Site "Hamburg"]
[Date "2007.05.31"]
[Round "7.15"]
[White "Fraas, Henning"]
[Black "Kielhorn, Sebastian"]
[Result "1-0"]
[WhiteElo "2158"]
[BlackElo "1846"]
[PlyCount "157"]
[EventDate "2007.??.??"]

1. f4 Nf6 2. Nf3 g6 3. d3 d5 4. Nbd2 d4 5. Nb3 c5 6. g3 Bg7 7. Bg2 O-O 8. O-O
Qc7 9. e4 dxe3 10. Bxe3 Na6 11. c3 Rd8 12. d4 Be6 13. Ne5 Bd5 14. Qe2 Bxg2 15.
Kxg2 cxd4 16. Bxd4 Nb8 17. Rae1 Nc6 18. Qc4 e6 19. Nxc6 bxc6 20. Be5 Qb7 21.
Re2 Rd5 22. Nc5 Qe7 23. Na6 Rc8 24. Nb4 Rdd8 25. Qa6 Qd7 26. Rf3 Nd5 27. Nc2
Bxe5 28. fxe5 c5 29. Ref2 Rf8 30. Na3 Ne7 31. g4 Nc6 32. Qe2 Qd5 33. Nc4 Rcd8
34. b3 Rd7 35. Qe3 Nb8 36. Rd2 Qc6 37. Nd6 f5 38. Kg3 Rg7 39. Qe2 Re7 40. Nc4
Qc7 41. Rd6 Nc6 42. Rfd3 Nd8 43. Qd2 Nf7 44. gxf5 exf5 45. Rd7 Rxd7 46. Rxd7
Qc6 47. Qd5 Qxd5 48. Rxd5 Ng5 49. Kf4 Ne4 50. e6 Re8 51. Ke5 Ng5 52. e7 Kg7 53.
Rd7 Nf7+ 54. Ke6 Ng5+ 55. Kd5 Kf6 56. Rxa7 Ne4 57. a4 Rxe7 58. Rxe7 Kxe7 59.
Kc6 Nxc3 60. a5 Na2 61. Kxc5 Kd7 62. b4 Kc7 63. b5 Nc3 64. a6 Na4+ 65. Kb4 Nb6
66. a7 Na8 67. Kc5 Kb7 68. b6 Nxb6 69. Nxb6 Kxa7 70. Nd5 Kb7 71. Nf6 f4 72. Kd4
g5 73. Nxh7 g4 74. Ng5 Kc6 75. Nf7 Kd7 76. Ne5+ Ke6 77. Nxg4 Kf5 78. Nf2 Kg6
79. Ke4 1-0

[Event "IHEM 2007"]
[Site "Hamburg"]
[Date "2007.05.31"]
[Round "7.16"]
[White "Ritscher, Jan-Paul"]
[Black "Carlstedt, Jonathan"]
[Result "0-1"]
[WhiteElo "2300"]
[BlackElo "2081"]
[PlyCount "138"]
[EventDate "2007.??.??"]

1. e4 c5 2. Nf3 d6 3. c4 Nf6 4. Nc3 e5 5. d3 g6 6. Be2 Bg7 7. O-O O-O 8. a3 Nc6
9. Rb1 Nh5 10. Nd5 Ne7 11. Ne1 Nxd5 12. cxd5 Nf4 13. Bxf4 exf4 14. b4 b6 15.
Nf3 f5 16. bxc5 fxe4 17. dxe4 bxc5 18. Qa4 g5 19. Qc6 Bg4 20. Rb7 Rc8 21. Qa6
Bxf3 22. Bxf3 c4 23. Qxa7 Qf6 24. Qa4 c3 25. Rc1 Qd4 26. Qxd4 Bxd4 27. Bd1 Ra8
28. a4 Rfc8 29. Bc2 g4 30. Kf1 g3 31. hxg3 fxg3 32. f3 Be5 33. Rb4 Kg7 34. Ke2
h5 35. Rb7+ Kh6 {(=)} 36. Rcb1 Rf8 37. Re7 h4 38. Rh1 Kg5 39. Rh7 Rf4 40. Rb1
Kg6 41. Rbb7 Ra5 42. Ke3 Ra8 43. Bd1 Rc8 44. Kd3 Rg8 45. Ke3 Rc8 {(=)} 46. Bc2
Ra8 47. Rhg7+ Bxg7 48. Kxf4 Be5+ 49. Kg4 h3 50. Kxh3 Kg5 51. Rh7 Kf4 52. Kh4
Ke3 53. Kg4 Rg8+ 54. Kf5 Kd2 55. Bb1 Rb8 56. Rh1 Bd4 57. f4 Re8 58. Rh3 Rf8+
59. Kg4 Be3 60. f5 Bf2 61. e5 dxe5 62. Be4 Ke3 63. Bb1 Rg8+ 64. Kh5 Rb8 65. Bc2
Kd2 66. Be4 c2 67. Bxc2 Kxc2 68. f6 e4 69. Kg4 e3 0-1

[Event "IHEM 2007"]
[Site "Hamburg"]
[Date "2007.05.31"]
[Round "7.17"]
[White "Wiese, Phil"]
[Black "Schulz, Hans-Juergen"]
[Result "0-1"]
[WhiteElo "1967"]
[BlackElo "2043"]
[PlyCount "54"]
[EventDate "2007.??.??"]

1. d4 d5 2. Nf3 c5 3. c4 cxd4 4. cxd5 Qxd5 5. Nc3 Qh5 6. Nxd4 a6 7. g3 e5 8.
Nf3 Nf6 9. Bg5 Bb4 10. Bxf6 gxf6 11. Rc1 Nc6 12. Bg2 Be6 13. O-O Bxc3 14. Rxc3
O-O 15. b3 Rfd8 16. Qb1 f5 17. e4 h6 18. Kh1 Rd6 19. Nh4 fxe4 20. Bxe4 Rad8 21.
Nf3 f5 22. Bxc6 bxc6 23. Nxe5 Rd1 24. Rc1 Bd5+ 25. f3 Bxf3+ 26. Kg1 R8d2 27.
Nxf3 Qxf3 0-1

[Event "IHEM 2007"]
[Site "Hamburg"]
[Date "2007.05.31"]
[Round "7.18"]
[White "Wilms, Robert"]
[Black "Atri, Jamshid"]
[Result "0-1"]
[WhiteElo "1814"]
[BlackElo "2077"]
[PlyCount "68"]
[EventDate "2007.??.??"]

1. e4 e5 2. Nf3 Nc6 3. d4 exd4 4. Nxd4 Nf6 5. Nc3 Bb4 6. Nxc6 bxc6 7. Bd3 d5 8.
exd5 cxd5 9. O-O O-O 10. Bg5 c6 11. Ne2 Bd6 12. Qd2 Rb8 13. Rab1 h6 14. Bh4 Ne4
15. Bxd8 Nxd2 16. Ba5 Nxf1 17. Kxf1 Be5 18. c3 Re8 19. h3 c5 20. f4 Bd6 21. b4
cxb4 22. cxb4 Bd7 23. a3 Re3 24. Rd1 Ba4 25. Rd2 Kf8 26. Kf2 Rbe8 27. g3 Bd7
28. h4 Bg4 29. Nd4 g5 30. Nb5 Bb8 31. Nc7 Bxc7 32. Bxc7 Rf3+ 33. Kg2 Ree3 34.
Bd6+ Kg8 0-1

[Event "IHEM 2007"]
[Site "Hamburg"]
[Date "2007.05.31"]
[Round "7.19"]
[White "Albers, Andreas"]
[Black "Weiss, Siegfried"]
[Result "0-1"]
[WhiteElo "1998"]
[BlackElo "2078"]
[PlyCount "123"]
[EventDate "2007.??.??"]

1. e4 e6 2. d4 d5 3. Nc3 Bb4 4. exd5 exd5 5. Bd3 Nf6 6. Nge2 Nc6 7. O-O O-O 8.
Bg5 Be7 9. a3 Bg4 10. f3 Bh5 11. Nf4 Bg6 12. Nxg6 fxg6 13. Ne2 Qd7 14. Qd2 Nd8
15. Nf4 c5 16. dxc5 Bxc5+ 17. Kh1 Nh5 18. Nxh5 gxh5 19. b4 Bb6 20. c4 g6 21.
Bh6 Re8 22. Be4 d4 23. Bd5+ Nf7 24. Rad1 Kh8 25. Bxf7 Qxf7 26. c5 Bc7 27. Qxd4+
Be5 28. Qd7 Re7 29. Qd3 Bf6 30. Bf4 Rae8 31. h3 Re2 32. Rd2 R2e6 33. b5 g5 34.
Bd6 Re3 35. Qf5 Re1 36. Rd1 Rxf1+ 37. Rxf1 Kg7 38. Qd3 Qe6 39. a4 Rd8 40. Rd1
g4 41. hxg4 hxg4 42. Qe4 Qxe4 43. fxe4 Kf7 44. Rd5 Ke6 45. a5 h6 46. g3 a6 47.
bxa6 bxa6 48. Kg2 Rd7 49. Kf2 Bd8 50. Ke3 Bxa5 51. Kd4 Bd8 52. e5 Rb7 53. c6
Rb1 54. Rc5 Bb6 55. c7 Bxc5+ 56. Kxc5 Kd7 57. Kd5 Rd1+ 58. Kc5 Rc1+ 59. Kb6
Rc6+ 60. Kb7 a5 61. Kb8 a4 62. Kb7 0-1

[Event "IHEM 2007"]
[Site "Hamburg"]
[Date "2007.06.02"]
[Round "8.1"]
[White "Pajeken, Wolfgang"]
[Black "Kempinski, Robert"]
[Result "0-1"]
[WhiteElo "2346"]
[BlackElo "2579"]
[PlyCount "80"]
[EventDate "2007.??.??"]

1. d4 Nf6 2. c4 g6 3. Nc3 Bg7 4. e4 O-O 5. Nf3 c6 6. e5 Ne8 7. Bf4 d6 8. exd6
Nxd6 9. Be2 Bg4 10. Qd3 Nf5 11. d5 cxd5 12. cxd5 Qb6 13. Rb1 Nd7 14. O-O Rfd8
15. h3 Bxf3 16. Bxf3 Ne5 17. Bxe5 Bxe5 18. Rfe1 Bd4 19. Qd2 Bf6 20. Bg4 Nd6 21.
Ne4 Nxe4 22. Rxe4 e6 23. Rb4 Rxd5 24. Qf4 Rd4 25. Rxb6 Rxf4 26. Rxb7 Bd4 27.
Bf3 Rc8 28. a4 e5 29. Re1 Rc2 30. Re4 Rxe4 31. Bxe4 Rxf2 32. Kh2 Rxb2 33. Rxb2
Bxb2 34. g4 Bc3 35. h4 Be1 36. Kh3 f6 37. g5 f5 38. Bd5+ Kg7 39. Bc6 a5 40. Bd5
Bd2 0-1

[Event "IHEM 2007"]
[Site "Hamburg"]
[Date "2007.06.02"]
[Round "8.3"]
[White "Chevelevitch, Evgueni"]
[Black "Ftacnik, Lubomir"]
[Result "1/2-1/2"]
[WhiteElo "2422"]
[BlackElo "2573"]
[PlyCount "87"]
[EventDate "2007.??.??"]

1. e4 d6 2. d4 Nf6 3. Nc3 g6 4. h3 Bg7 5. Be3 a6 6. a4 Nbd7 7. Nf3 e5 8. dxe5
dxe5 9. Bc4 O-O 10. O-O b6 11. Qd2 Bb7 12. Rad1 Qe8 13. Rfe1 Rd8 14. Bg5 Qe7
15. Nd5 Qc5 16. Qe2 Bxd5 17. Bxd5 h6 18. Bc1 a5 19. c3 Nxd5 20. Rxd5 Qe7 21.
Qc4 Nc5 22. Red1 c6 23. Rxd8 Rxd8 24. Rxd8+ Qxd8 25. Bd2 Qd3 26. Qxd3 Nxd3 27.
Be3 Nxb2 28. Bxb6 Nc4 29. Bc7 f5 30. exf5 gxf5 31. Kf1 Kf7 32. Ke2 Ke6 33. Nd2
Nb2 34. g4 Nxa4 35. Bxa5 e4 36. c4 Nb2 37. f3 exf3+ 38. Kxf3 Bf6 39. Bb4 Nd3
40. gxf5+ Kxf5 41. Bd6 Be5 42. Bxe5 Nxe5+ 43. Ke3 Kg5 44. Ke4 1/2-1/2

[Event "IHEM 2007"]
[Site "Hamburg"]
[Date "2007.06.02"]
[Round "8.4"]
[White "Saltaev, Mihail"]
[Black "Lanka, Zigurds"]
[Result "1/2-1/2"]
[WhiteElo "2514"]
[BlackElo "2482"]
[PlyCount "82"]
[EventDate "2007.??.??"]

1. e4 c5 2. Nf3 Nc6 3. d4 cxd4 4. Nxd4 Nf6 5. Nc3 d6 6. Bc4 e6 7. O-O Be7 8. a3
O-O 9. Ba2 Nxd4 10. Qxd4 b6 11. Qd3 Bb7 12. Bf4 Rc8 13. Rad1 Rc5 14. Bxd6 Bxd6
15. Qxd6 Qxd6 16. Rxd6 Nxe4 17. Nxe4 Bxe4 18. c3 Rfc8 19. f3 Bb7 20. Rfd1 Kf8
21. Kf2 R5c7 22. f4 Ke7 23. R6d4 Bc6 24. g3 Rd7 25. Ke3 Rxd4 26. Rxd4 Bd7 27.
c4 a5 28. Rd2 h6 29. Kd4 g5 30. Bb1 gxf4 31. gxf4 Bc6 32. b4 axb4 33. axb4 Rd8+
34. Ke3 Rxd2 35. Kxd2 Kd6 36. Ke3 f6 37. Kd4 e5+ 38. fxe5+ fxe5+ 39. Ke3 Be8
40. Be4 Bf7 41. Kd3 Be6 1/2-1/2

[Event "IHEM 2007"]
[Site "Hamburg"]
[Date "2007.06.02"]
[Round "8.5"]
[White "Fries Nielsen, Jens-Ove"]
[Black "van der Weide, Karel"]
[Result "0-1"]
[WhiteElo "2374"]
[BlackElo "2502"]
[PlyCount "64"]
[EventDate "2007.??.??"]

1. d4 Nf6 2. Nf3 g6 3. g3 Bg7 4. Bg2 d5 5. O-O O-O 6. Be3 b6 7. Qc1 Ba6 8. Re1
Nbd7 9. Bh6 c5 10. c3 Rc8 11. Bxg7 Kxg7 12. Qd1 {(=)} Qc7 13. Na3 Rfd8 14. Bh3
e6 15. Nc2 Ne4 16. Ne3 f5 17. Ng2 g5 18. dxc5 bxc5 19. Nd2 Ndf6 20. Nxe4 dxe4
21. Qc1 Kg6 22. Ne3 Qe5 23. f4 gxf4 24. gxf4 Qxf4 25. Kh1 Kf7 26. Rf1 Qh6 27.
Bg2 Bxe2 28. Rf2 Bg4 29. Qe1 Kg8 30. Nc4 Rd5 31. Kg1 Rcd8 32. Bf1 Bf3 0-1

[Event "IHEM 2007"]
[Site "Hamburg"]
[Date "2007.06.02"]
[Round "8.7"]
[White "Bach, Matthias"]
[Black "Rosmann, Ilja"]
[Result "1-0"]
[WhiteElo "2364"]
[BlackElo "2242"]
[PlyCount "97"]
[EventDate "2007.??.??"]

1. d4 Nf6 2. c4 c5 3. d5 e5 4. Nc3 d6 5. e4 Be7 6. g3 O-O 7. Bg2 Ne8 8. Nge2
Bg5 9. f4 exf4 10. gxf4 Bh4+ 11. Ng3 f5 12. O-O fxe4 13. Ncxe4 h6 14. b3 Nd7
15. Bb2 Ndf6 16. Qd2 a6 17. Rae1 b6 18. Nf2 Ra7 {(=)} 19. Re2 Raf7 20. Rfe1 Ng4
21. Nd3 Nef6 22. Re6 Bxg3 23. hxg3 Bxe6 24. dxe6 Ra7 25. Qe2 Qe8 26. Bh3 Qg6
27. f5 Qxf5 28. Bxf6 Qxf6 29. Bxg4 g5 30. Nf2 Re7 31. Qe3 Qd4 32. Qxd4 cxd4 33.
Nd3 a5 34. Kg2 Rf6 35. Bf3 Kg7 36. Bd5 h5 37. Re4 Rf8 38. Rxd4 Kf6 39. Nf2 Rg7
40. Rd1 Ke7 41. Nh3 Rf5 42. Ng1 h4 43. Rf1 Rxf1 44. Kxf1 Kf6 45. Nf3 Rh7 46. g4
a4 47. bxa4 Ra7 48. Nd4 Rxa4 49. Nf5 1-0

[Event "IHEM 2007"]
[Site "Hamburg"]
[Date "2007.06.02"]
[Round "8.8"]
[White "Engelbert, Christoph"]
[Black "Zierke, Oliver"]
[Result "0-1"]
[WhiteElo "2230"]
[BlackElo "2313"]
[PlyCount "76"]
[EventDate "2007.??.??"]

1. e4 c5 2. c3 d5 3. exd5 Qxd5 4. d4 cxd4 5. cxd4 e6 6. Nf3 Nf6 7. Bd3 Nc6 8.
O-O Be7 9. Nc3 Qd6 10. Be3 O-O 11. a3 b6 12. Qe2 Bb7 13. Rad1 Rfd8 14. Bb1 Rac8
15. Rfe1 Qc7 16. Ba2 Na5 17. Ne5 Bd5 18. Nxd5 Nxd5 19. Bd2 Qd6 20. Bb4 Qc7 {(=)
} 21. Bxa5 bxa5 22. Nxf7 Nf4 23. Qf3 Rf8 24. Rxe6 Nxe6 25. Bxe6 Qc2 26. Qh5 Rb8
27. Ne5+ Kh8 28. Rf1 Rxb2 29. Nf7+ Kg8 30. Nh6+ Kh8 31. Nf7+ Kg8 32. Bf5 g6 33.
Qg4 Qc6 34. Nh6+ Kg7 35. Be4 Qf6 36. Nf5+ Kh8 37. Ne3 Rxf2 38. Rd1 Rf4 0-1

[Event "IHEM 2007"]
[Site "Hamburg"]
[Date "2007.06.02"]
[Round "8.9"]
[White "Paridar, Shadi"]
[Black "Stanke, Juergen"]
[Result "1/2-1/2"]
[WhiteElo "2225"]
[BlackElo "2310"]
[PlyCount "124"]
[EventDate "2007.??.??"]

1. e4 c5 2. Nf3 e6 3. c3 Nf6 4. e5 Nd5 5. d4 cxd4 6. cxd4 d6 7. a3 Bd7 8. Bd3
Bc6 9. O-O Nd7 10. Re1 Be7 11. exd6 Bxd6 12. Nc3 Nxc3 13. bxc3 O-O 14. c4 Bxf3
15. Qxf3 Qh4 16. Qh3 Qxh3 17. gxh3 Rfd8 18. Be4 Rab8 19. Rb1 b6 20. f4 Rbc8 21.
Bd3 Be7 22. Bf1 Nb8 23. Rd1 Nc6 24. Bb2 Na5 25. Rbc1 Bd6 26. f5 Bf4 27. Rc3 e5
28. d5 e4 29. Rc2 f6 30. a4 Be3+ 31. Kh1 Bc5 32. Rg2 Kf8 33. Rg4 Re8 34. Re1
Nb7 35. Rgxe4 Rxe4 36. Rxe4 Re8 37. Rxe8+ Kxe8 38. Kg2 Ke7 39. Kf3 Nd6 40. Bd3
Nf7 41. h4 Kd6 42. Ke4 Bb4 43. Be2 Kc7 44. Bd3 {(=)} Bd6 45. h3 Bg3 46. Ba3
Nd6+ 47. Kf3 Bxh4 48. c5 bxc5 49. Bxc5 a5 50. Be3 Be1 51. Bf4 Bc3 52. h4 Kd7
53. h5 Nf7 54. Bb5+ Ke7 55. Bc7 Bb4 56. Ke4 Ng5+ 57. Kd3 Nf7 58. Ke4 Bd2 59.
Kd3 Be1 60. Ke2 Bb4 61. Kd3 Nd6 62. Bxd6+ Kxd6 1/2-1/2

[Event "IHEM 2007"]
[Site "Hamburg"]
[Date "2007.06.02"]
[Round "8.10"]
[White "Lindinger, Markus"]
[Black "Bracker, Frank"]
[Result "1-0"]
[WhiteElo "2307"]
[BlackElo "2193"]
[PlyCount "67"]
[EventDate "2007.??.??"]

1. e4 c5 2. Nf3 d6 3. d4 cxd4 4. Nxd4 Nf6 5. Nc3 a6 6. f4 e5 7. Nf3 Nbd7 8. Be3
Be7 9. Qe2 O-O 10. O-O-O Qa5 11. g4 Nxg4 12. Bd2 exf4 13. Nd5 Qd8 14. Bxf4 Re8
15. Rg1 Ndf6 16. Nxf6+ Bxf6 17. Rxd6 Qa5 18. Qc4 Be6 19. Rxe6 Rxe6 20. Rxg4 Rc6
21. Qd5 Qa4 22. Qb3 Qxe4 23. Bd3 Qe7 24. Bd2 Rd8 25. Kb1 g6 26. a4 Qc7 27. Rb4
b5 28. axb5 axb5 29. Rxb5 Rd7 30. Rb8+ Kg7 31. Qb4 Be7 32. Bc3+ f6 33. Qb3 Bd8
34. Nd4 1-0

[Event "IHEM 2007"]
[Site "Hamburg"]
[Date "2007.06.02"]
[Round "8.11"]
[White "Putzbach, Gerd"]
[Black "Maahs, Erich"]
[Result "1-0"]
[WhiteElo "2253"]
[BlackElo "2193"]
[PlyCount "111"]
[EventDate "2007.??.??"]

1. e4 e5 2. Nf3 Nf6 3. Nxe5 d6 4. Nf3 Nxe4 5. d4 d5 6. Bd3 Nc6 7. O-O Bg4 8.
Re1 Be7 9. c3 Nf6 10. Bg5 O-O 11. Nbd2 Bh5 12. b4 a6 13. a4 Qd6 14. Qc2 Bg6 15.
Ne5 Bxd3 16. Qxd3 Nh5 17. Bxe7 Nxe7 18. Qh3 Nf4 19. Qd7 Qxd7 20. Nxd7 Rfe8 21.
g3 Nfg6 22. a5 Nf5 23. Nc5 Nd6 24. Nf1 c6 25. Ne3 Re7 26. h4 Rae8 27. h5 Nf8
28. Nc2 Ne6 29. Rec1 Ng5 30. Ne1 Re2 31. Ned3 Nge4 32. Kg2 h6 33. Nxe4 dxe4 34.
Nf4 Rd2 35. Rd1 e3 36. Rxd2 exd2 37. Rd1 Nc4 38. Kf1 Kf8 39. Nd3 Re6 40. Nc5
Rf6 41. Nd7+ Ke7 42. Nxf6 Kxf6 43. Ke2 Kg5 44. Rh1 f5 45. Rh4 Kf6 46. Rf4 Kg5
47. f3 g6 48. hxg6 Kxg6 49. g4 fxg4 50. Rxg4+ Kf7 51. Rg1 Kf6 52. Rg8 h5 53.
Rb8 Kg5 54. Rxb7 Kh4 55. Rc7 Kg3 56. Rxc6 1-0

[Event "IHEM 2007"]
[Site "Hamburg"]
[Date "2007.06.02"]
[Round "8.12"]
[White "Jacoby, Gisbert"]
[Black "Faika, Michael"]
[Result "1/2-1/2"]
[WhiteElo "2252"]
[BlackElo "2007"]
[PlyCount "173"]
[EventDate "2007.??.??"]

1. c4 e5 2. e3 Nf6 3. Nc3 Nc6 4. a3 d5 5. cxd5 Nxd5 6. Qb3 Nb6 7. Nf3 Be6 8.
Qc2 g6 9. b4 Bg7 10. d3 O-O 11. Bb2 Qe7 12. Be2 f5 13. O-O g5 14. Rfe1 g4 15.
Nd2 Qg5 16. Bf1 Rf6 17. b5 Ne7 18. g3 Qh5 19. Bg2 Rh6 20. Nf1 f4 21. exf4 exf4
22. gxf4 Nf5 23. Ne2 Bxb2 24. Qxb2 Nh4 25. Neg3 Qg6 26. Re5 Qxd3 27. Rg5+ Rg6
28. Qf6 Bd5 29. Rxg6+ hxg6 30. Qxh4 Bxg2 31. Kxg2 Qf3+ 32. Kg1 Nd5 33. Nd2 Qc3
34. Rd1 Qc2 35. Qxg4 Nxf4 36. Nge4 Rf8 37. Re1 Qd3 38. Re3 Qxb5 39. Rf3 Qe5 40.
Re3 c5 41. Qd7 b6 42. Nf3 Qa1+ 43. Re1 Qg7 44. Qxg7+ Kxg7 45. Neg5 Nh3+ 46. Kg2
Nxg5 47. Nxg5 Rc8 48. f4 c4 49. Ne4 c3 50. Rc1 c2 51. Kf3 Rc4 52. Nd6 Rc3+ 53.
Kg4 a6 54. a4 Rc6 55. Ne4 b5 56. axb5 axb5 57. Nd2 Rc3 58. Ne4 Rc6 59. Kf3 b4
60. Nd2 b3 61. Nxb3 Rc3+ 62. Ke4 Rxb3 63. Rxc2 Rb6 64. h4 Kf6 65. Rc5 Rb4+ 66.
Kf3 Rb1 67. h5 gxh5 68. Rxh5 Rf1+ 69. Ke3 Re1+ 70. Kf2 Ra1 71. Rb5 Rc1 72. Re5
Ra1 73. Ke3 Re1+ 74. Kd4 Rxe5 75. fxe5+ Ke6 76. Ke4 Ke7 77. Kf5 Kf7 78. Kg4 Ke7
79. Kf4 Ke6 80. Ke4 Ke7 81. Kd5 Kd7 82. e6+ Ke8 83. Ke4 Ke7 84. Kf5 Ke8 85. Kf6
Kf8 86. e7+ Ke8 87. Ke6 1/2-1/2

[Event "IHEM 2007"]
[Site "Hamburg"]
[Date "2007.06.02"]
[Round "8.13"]
[White "Carlstedt, Jonathan"]
[Black "Fraas, Henning"]
[Result "1-0"]
[WhiteElo "2081"]
[BlackElo "2158"]
[PlyCount "75"]
[EventDate "2007.??.??"]

1. Nf3 f5 2. e4 fxe4 3. Ng5 e5 4. d3 e3 5. Bxe3 d5 6. Be2 Nf6 7. h4 Nc6 8. Bh5+
g6 9. Be2 h6 10. Nh3 Be6 11. d4 exd4 12. Bxd4 Nxd4 13. Qxd4 Bg7 14. Nf4 Nh5 15.
Nxe6 Bxd4 16. Nxd8 Bxb2 17. Ne6 Kd7 18. Nc5+ Kc6 19. Nb3 Rae8 20. Kf1 Re5 21.
N1d2 Bxa1 22. Nxa1 Nf4 23. Bd3 Kd6 24. Nf3 Re7 25. h5 Nxd3 26. cxd3 g5 27. Nc2
c5 28. Ne3 Rf8 29. Rh3 d4 30. Ng4 Re6 31. a4 Rfe8 32. g3 Kd5 33. Nd2 Re1+ 34.
Kg2 R8e6 35. Nf3 Rd1 36. Nxg5 hxg5 37. h6 Re8 38. Nf6+ 1-0

[Event "IHEM 2007"]
[Site "Hamburg"]
[Date "2007.06.02"]
[Round "8.14"]
[White "Schulz, Hans-Juergen"]
[Black "Kröncke, Manfred"]
[Result "1/2-1/2"]
[WhiteElo "2043"]
[BlackElo "2207"]
[PlyCount "51"]
[EventDate "2007.??.??"]

1. e4 c6 2. d4 d5 3. Nc3 dxe4 4. f3 e3 5. Bxe3 g6 6. Qd2 Bg7 7. Bc4 Nd7 8. Nge2
Ngf6 9. O-O O-O 10. Rad1 Nb6 11. Bd3 Be6 12. b3 Nbd5 13. Nxd5 Nxd5 14. Bf2 a5
15. c4 Nf6 16. Rfe1 Qd7 17. Ng3 Qd6 18. Qc2 Rfd8 19. Kh1 Qa3 20. Be3 a4 21. Rb1
axb3 22. axb3 Ne8 23. Ne2 Nd6 24. Ng3 Ne8 25. Ne2 Nd6 26. Ng3 1/2-1/2